Využitie termofrikčného tvárnenia v montážnom lisovaní

Bibliographic Details
Main Author: Tolnay, Marián, 1946- (Author)
Format: Article
Language:Slovak
PhysicalDescription:Obr. 4.
Subjects:

MARC

LEADER 00000nab a2200000 a 4500
001 vtls000066171
003 SK-MaSNL
005 20260304064552.0
008 250422c1980 xo 0 slo
015 |a SNBRB19rr/mm-uuuuu 
035 |a CL0076271 
035 |a urn:nbn:sk:snk-aba9rk 
035 |a (urnnbn)urn:nbn:sk:snk:ar-a09m2h 
035 |a (uuid)77409637-4739-4ebd-8f19-c787c42f7b99 
040 |a SNKBUCL  |b slo  |c SNKBUCL  |e AACR2 
041 0 |a slo 
044 |a xo  |c SK 
080 |a 621.77  |2 1981 
100 1 |a Tolnay, Marián,  |d 1946-  |4 aut  |9 132277 
245 1 0 |a Využitie termofrikčného tvárnenia v montážnom lisovaní  |c Marián Tolnay 
300 |b Obr. 4. 
650 0 7 |a montážne lisovanie  |2 snkbucl  |9 1352533 
650 0 7 |a termofrikčné tvárnenie  |2 snkbucl  |9 1352534 
655 7 |a články z novín a časopisov  |2 snkbucl  |9 267496 
773 0 |t Trend VUMA  |g Roč. 11, č. 3 (1980), s. 26-29 
850 |a Slovenská národná knižnica 
852 |a Slovenská národná knižnica 
954 |a odborná, vedecká literatúra pôvodná (slovenská)  |2 lita 
958 |a article13 
958 |a OND 
958 |a RK 
958 |a EUIPO 
992 |a RBX 
999 |c 2747005  |d 2748935